00853nam a22002657a 4500001001000000003000500010005001700015008004100032010001000073011001000083020001500093035001100108040000900119082001600128100003300144245018800177260003900365300004900404650001300453650002700466650002400493650002500517650003200542650001300574000098010CHAP20220817044211.0080221d2004 sp a r 00110 spa d a94476 a95448 a8484761657 a106074 cCHAP00a621.45bE741 aEscudero López, José Ma.10aManual de energía eólica :binvestigación, diseño, promoción, construcción y explotación de distinto tipo de instalaciones /c/por José Ma. Escudero López y [otros]. aBarcelona. :bMundi-Prensa,c2004. a471 p. :bilus. ; gráfas. ; cuadros mapas.14aDinamos.14aEnergía eléctrica.14aEnergía eólica.14aEnergía renovable.14aInstalaciones eléctricas.14aVientos.